01311nam a22003497a 4500003000500000005001700005008004100022010000900063011000900072035000900081040000900090090001000099100003400109245011600143260004000259300003000299502007500329590003700404590004100441590004100482590004100523590004200564650002700606650004300633650004700676700003500723901000700758942001000765949004400775999001500819952012700834CHAP20220329133628.0971013s1994 r 00010 d a8786 a9758 a8993 cCHAP aTesis00aCastillo Alfaro, Juan.920075 aEfecto de la levadura torula (Candida utilis) en cerdos alimentados con escamocha en la etapa de finalización aChapingo, Méx. :bEl autor,c1994 a80 p.b: ilus. ; gráfs. aTesis (Ing. Agr. Esp. en Zootecnia) -- UACH. Departamento de Zootecnia aALEPHb10c20130110lUCH01h1224 aBATCH-UPDb10c20130110lUCH01h1501 aBATCH-UPDb10c20130410lUCH01h0923 aBATCH-UPDb10c20130914lUCH01h0909 aCONVERSIONb10c20130109lUCH01h130614aCandida utilis.91834014aGanado porcinoxAlimentación.94532914aLevaduras en alimentación animal.9664040 aDuarte Arreola, José.934288 aBK cTESIS bBCcTESd-19474eTS1h26430i8993mDsi c8786d8786 00102local4051708TESISaBCbBCcPA_TESISd2019-12-31fTESISl0oTesisp-19474r2019-12-31 00:00:00w2019-12-31yTESIS